Football par lettre - Y - Statistiques

Statistiques générales
  • Ce quiz a été pris 129 fois
  • Le résultat moyen est 6 sur 10
Statistiques - réponses
Hint Réponse % Correct
Prodige espagnol jouant au FC Barcelone, champion d'Europe avant ses 18 ans Lamine Yamal
97%
Club de la ville de Berne Young Boys
91%
Seul gardien à avoir reçu le ballon d'or Lev Yashin
89%
Attaquant turc qui a guidé le LOSC vers le titre de champion en 2021 Burak Yilmaz
81%
Finaliste malheureux du premier Euro Yougoslavie
78%
International ukrainien passé par West ham et Dortmund Andriy Yarmolenko
71%
Défenseur colombien passé par le PSG et Nantes Mario Yepes
49%
Ville japonaise ou ancien sponsor de Chelsea Yokohama
44%
International français passé par Montpellier,Newcastle, Rome et Lyon Mapou Yanga-Mbiwa
26%
Attaquant ukrainien passé par Benfica et Bruges Roman Yaremchuk
20%
Aucun quiz correspondant
Distribution des résultats
% des personnes avec chaque résultat
Percentile par nombre de réponses
Votre historique - résultats
Vous n’avez pas pris ce quiz